Biblioteca

Reformed catholicity (Registro nro. 64805)

Detalles MARC
000 -LÍDER
Campo fijo de descripción fija 01826cam a2200385 i 4500
001 - NÚMERO DE CONTROL
Campo de control 891324382
003 - IDENTIFICADOR DEL NÚMERO DE CONTROL
Campo de control OCoLC
005 - FECHA Y HORA DE LA ULTIMA TRANSACCIÓN
control field 20231116113417.0
007 - CAMPO FIJO DE DESCRIPCIÓN FIJA--INFORMACIÓN GENERAL
Campo fijo de descripción fija ta
008 - ELEMENTOS DE LONGITUD FIJA -- INFORMACIÓN GENERAL
Campo fijo de descripción fija -- Información general 140922t20152015miu g b 001 0 eng
010 ## - NÚMERO DE CONTROL DE LA BIBLIOTECA DEL CONGRESO
Número de control LC 2014028821
020 ## - NÚMERO INTERNACIONAL NORMALIZADO PARA LIBROS
Número Internacional Normalizado del libro 9780801049798
020 ## - NÚMERO INTERNACIONAL NORMALIZADO PARA LIBROS
Número Internacional Normalizado del libro 0801049792
040 ## - FUENTE DE CATALOGACIÓN
Agencia de catalogación original DLC
Idioma de catalogación spa
Convenciones de la descripción rda
Agencia que realiza la transcripción CO-MdFUSB
Agencia que realiza la modificación YDX
-- YDXCP
-- BTCTA
-- BDX
-- EMT
-- CDX
-- OCLCO
-- OCLCF
-- LNT
-- UtOrBLW
041 ## - CÓDIGO DE IDIOMA
Código de idioma para texto/pista de sonido o título separado eng
042 ## - AUTHENTICATION CODE
Authentication code pcc
082 ## - NÚMERO DE CLASIFICACIÓN DECIMAL DEWEY
Número de la edición del Dewey 24
Número de clasificación G 230.42
Clave de autor-Numero de item A425r
100 1# - ASIENTO PRINCIPAL--NOMBRE PERSONAL
Nombre personal Allen, Michael,
Fechas asociadas con el nombre 1981-
Término relacionador autor
245 10 - TÍTULO
Título del Material Reformed catholicity
Parte restante del título - Subtitulo : the promise of retrieval for theology and biblical interpretation
Mención de responsabilidad, etc. / Michael Allen & Scott R. Swain
264 #1 - PRODUCCIÓN, PUBLICACIÓN, DISTRIBUCIÓN, MANUFACTURA, Y COPYRIGHT
Lugar de producción, publicación, distribución, manufactura Grand Rapids, Michigan :
Nombre del productor, publicador, distribuidor Baker Academic,
Fecha de producción, publicación, distribución, manufactura, o copyright ℗2015
264 #4 - PRODUCCIÓN, PUBLICACIÓN, DISTRIBUCIÓN, MANUFACTURA, Y COPYRIGHT
Fecha de producción, publicación, distribución, manufactura, o copyright ©2015
300 ## - DESCRIPCIÓN FÍSICA
Extensión viii, 168 páginas ;
Dimensiones 22 cm.
336 ## - TIPO DE CONTENIDO
Fuente rdacontent.
Término de tipo de contenido texto
Código de tipo de contenido txt
337 ## - TIPO DE MEDIO
Fuente rdamedia.
Nombre del tipo de medio sin mediación
Código del tipo de medio n
338 ## - TIPO DE SOPORTE
Fuente rdacarrier.
Nombre del tipo de soporte volumen
Código Tipo de soporte nc
501 ## - NOTA DE “CON”
Nota de Contenido Incluye índice (páginas 163- 168)
505 0# - NOTA DE CONTENIDO
Nota de contenido con formato preestablecido Introducción: Renovación a través de la recuperación -- El aprendizaje de la teología en la escuela de Cristo: los principios de la teología y la promesa de recuperación -- Recuperación de sola escritura, primera parte: el contexto católico de sola escritura -- Recuperando sola escritura, segunda parte: tradición bíblica -- Una lectura gobernada reformada: el papel de la confesión de la iglesia en la interpretación bíblica -- En defensa de textos de prueba -- Epílogo: Redescubriendo la tradición católica reformada para hoy: una visión bíblica, centrada en Cristo para la renovación de la iglesia / por J. Todd Billings.
563 ## - NOTA DE ENCUADERNACIÓN
Nota de encuadernación Rustico
650 #7 - ASIENTO SECUNDARIO DE MATERIA - TERMINO TEMÁTICO
Término temático o nombre geográfico como elemento de entrada Iglesias protestantes
9 (RLIN) 222
650 #0 - ASIENTO SECUNDARIO DE MATERIA - TERMINO TEMÁTICO
Término temático o nombre geográfico como elemento de entrada Calvinismo
9 (RLIN) 937
942 ## - TIPO DE MATERIAL (KOHA)
Tipo de Item KOHA Libros General
945 ## - INFORMACIÓN LOCAL DEL REGISTRO
Catalogador AF
Existencias
Estado de Material Estado de Perdido Forma de Clasificación Estado de Dañado No para Préstamo Colección Biblioteca de Origen Biblioteca Permanente Fecha de Adquisición Total de Préstamos Total de Renovaciones Signatura Topográfica Código de Barras Última vez visto Última vez Préstado Ejemplar/Existencia Fecha de Remplazo Tipo de Material
    Dewey Decimal Classification     Colección General Biblioteca FUSBC Biblioteca FUSBC 08/02/2019 4 6 G 230.42 A425r 5216 12/02/2024 20/10/2023 Ej. 1 08/02/2019 Libros General
    Dewey Decimal Classification     Colección General Biblioteca FUSBC Biblioteca FUSBC 16/11/2023     G 230.42 A425r 13413 16/11/2023   Ej. 2 16/11/2023 Libros General

Biblioteca FUSBC | Teléfono: (57+4) 349 88 10 Ext. 141| WhatsApp (+57) 3005338115 
E-mail: biblioteca@unisbc.edu.co | Calle 76 87-14 Robledo Palenque, Medellín, Colombia

Con tecnología Koha